| Record ID | ia:overcomingdiffic0000hill |
| Source | Internet Archive |
| Download MARC XML | https://archive.org/download/overcomingdiffic0000hill/overcomingdiffic0000hill_marc.xml |
| Download MARC binary | https://www.archive.org/download/overcomingdiffic0000hill/overcomingdiffic0000hill_meta.mrc |
LEADER: 01785cam 2200433Ia 4500
001 ocm31911374
003 OCoLC
005 20201020110320.0
008 950131s1994 caua b 000 0 eng d
040 $aIDU$beng$cIDU$dBAKER$dYDXCP$dOCLCQ$dOCLCO$dOCLCF
020 $a1557346658
020 $a9781557346650
035 $a(OCoLC)31911374
050 4 $aLC1099$b.H555 1994
082 04 $a372.64
100 1 $aHill, Linda Burrell.
245 10 $aOvercoming difficulties /$cauthor, Linda Burrell Hill ; illustrators, Sue Fullam and Bob Lorseyedi.
260 $aHuntington Beach, Calif. :$bTeacher Created Materials,$c©1994.
300 $a144 pages :$billustrations ;$c28 cm.
336 $atext$btxt$2rdacontent
337 $aunmediated$bn$2rdamedia
338 $avolume$bnc$2rdacarrier
490 1 $aUsing multicultural literature
490 0 $aTeacher Created Materials ;$vTCM 665
500 $a"Primary."
504 $aIncludes bibliographical references (page 141).
650 0 $aMulticulturalism$xStudy and teaching (Primary)
650 0 $aMulticultural education.
650 0 $aSocial sciences$xStudy and teaching (Primary)
650 0 $aLanguage arts$xCorrelation with content subjects.
650 7 $aLanguage arts$xCorrelation with content subjects.$2fast$0(OCoLC)fst00992291
650 7 $aMulticultural education.$2fast$0(OCoLC)fst01028816
650 7 $aMulticulturalism$xStudy and teaching (Primary)$2fast$0(OCoLC)fst01028860
650 7 $aSocial sciences$xStudy and teaching (Primary)$2fast$0(OCoLC)fst01123035
830 0 $aUsing multicultural literature.
938 $aBaker & Taylor$bBKTY$c12.95$d9.71$i1557346658$n0003411502$sactive
938 $aYBP Library Services$bYANK$n8121667
994 $aZ0$bP4A
948 $hNO HOLDINGS IN P4A - 37 OTHER HOLDINGS